| 000 | 00472cam a2200181ua 4500 | ||
|---|---|---|---|
| 020 | _c150.00 | ||
| 041 |
_aeng _h |
||
| 082 |
_a637.14 _bKAM/MA |
||
| 100 | _aKamath, M.V . | ||
| 245 |
_aManagement Kurien - style : The story of the white revolution / _cM.V.Kamath. _hTextual Documents |
||
| 250 |
_a1 / _b. |
||
| 260 |
_a : _bKonark publishers pvt Ltd , _c1989. |
||
| 300 | _a422 ; . | ||
| 365 | _a150.00 | ||
| 504 | _a | ||
| 942 | _cBK | ||
| 999 |
_c2517 _d2517 |
||